000 01032nam a22003137a 4500
001 BR8404456
003 BR-BrBNA
005 20230928092018.0
007 ta
008 230509b bl.||||| |||| 00| 0 por d
040 _aBR-BrBNA
_bpor
_cBiblioteca Nacional de Agricultura
041 _a(Por)
072 _aQ01; Q04
_b9210
_b9290
_b0175
_b3755
090 _ 9210 BR8404456
100 1 _aMonteiro, M. de L.S.
110 1 _aUniversidade Federal de Vicosa, MG (Brasil)
_0Tese (Magister Scientiae)
245 1 _aProducao de macarrao com farinha mista de trigo e triticale enriquecido com vitaminas
260 3 _aVicosa, MG (Brasil):
_c1984.
300 _a48 p.
500 _a3 illus.; 13 tables; Bibliography p. 39-45 (59 ref.); Summary (Por). (*) Documento disponível na(o) Universidade Federal de Vicosa, MG (Brazil)
650 _aMACARRAO
650 _aFARINHA
650 _aTRIGO
650 _aTRITICALE
650 _aVITAMINA
650 _aVALOR NUTRITIVO
909 _a202309
_bLucia
_c55
_dLucia Elande
942 _cBK
999 _c36689
_d36689